000 00897cab a2200241 4500
001 WB3208-36
008 090401t1996 xxu||||| |||| 00| 0 eng d
035 _a(Sirsi) u34554
041 _aeng
245 _a`Due diligence` displayed under PMA
260 _c1996
350 _a0
490 _aTimes
_v21 February 1996, 23(2)
520 _aDiscusses a case under the Property Misdescriptions Act 1991 where Castles Estate Agents had been told by sellers of a property that the bungalow in the grounds had planning permission when in fact it did not. It was held that the agents had taken all `reasonable steps` and were not at fault.
650 _aCASTLES ESTATE AGENTS
650 _aCAVEAT EMPTOR
650 _aDUE DILIGENCE
650 _aPROPERTY MISDESCRIPTIONS ACT 1991
650 _aREASONABLE STEPS
690 _aPROPERTY LAW AND PRACTICE
942 _n0
948 _c04/03/1997
999 _c22868
_d22868